LAUTECH

Raising and sustaining productivity of small holder farming system in (Record no. 25173)

MARC details
000 -LEADER
fixed length control field 00267nam a2200097Ia 4500
008 - FIXED-LENGTH DATA ELEMENTS--GENERAL INFORMATION
fixed length control field 120527s9999 xx 000 0 und d
100 ## - MAIN ENTRY--AUTHOR
Author BEETS, C.Willem
245 ## - TITLE STATEMENT
Title Raising and sustaining productivity of small holder farming system in
260 ## - PUBLICATION, DISTRIBUTION, ETC. (IMPRINT)
Name of publisher AGBE
942 ## - ADDED ENTRY ELEMENTS (KOHA)
Item type Books
Holdings
Not for loan Home library Current library Shelving location Date acquired Accen. No. Koha item type
  OLUSEGUN OKE LIBRARY LAUTECH OLUSEGUN OKE LIBRARY LAUTECH   28/05/2012 19774 Books